Welcome to CU Library Online Public Access Catalogue (OPAC)

Comparative anatomy of the vertebrates / (Record no. 2200)

MARC details
000 -LEADER
fixed length control field 00852cam a22002414a 4500
001 - CONTROL NUMBER
control field 11963323
005 - DATE AND TIME OF LATEST TRANSACTION
control field 20241214104510.0
008 - FIXED-LENGTH DATA ELEMENTS--GENERAL INFORMATION
fixed length control field 000404s2001 maua b 001 0 eng
020 ## - INTERNATIONAL STANDARD BOOK NUMBER
International Standard Book Number 9780073038698
050 00 - LIBRARY OF CONGRESS CALL NUMBER
Classification number QL805
Item number .K43 2001
082 00 - DEWEY DECIMAL CLASSIFICATION NUMBER
Classification number 571.3/16
Edition information 21
100 1# - MAIN ENTRY--PERSONAL NAME
Personal name Kent, George C.
Fuller form of name (George Cantine),
Dates associated with a name 1914-
245 10 - TITLE STATEMENT
Title Comparative anatomy of the vertebrates /
Statement of responsibility, etc. George C. Kent, Robert K. Carr.
250 ## - EDITION STATEMENT
Edition statement 9th ed.
260 ## - PUBLICATION, DISTRIBUTION, ETC.
Place of publication, distribution, etc. Boston :
Name of publisher, distributor, etc. McGraw Hill,
Date of publication, distribution, etc. c2001.
300 ## - PHYSICAL DESCRIPTION
Extent xvii, 524 p. :
Other physical details ill. (some col.) ;
Dimensions 29 cm.
650 #0 - SUBJECT ADDED ENTRY--TOPICAL TERM
Topical term or geographic name entry element Vertebrates
General subdivision Anatomy.
650 #0 - SUBJECT ADDED ENTRY--TOPICAL TERM
Topical term or geographic name entry element Anatomy, Comparative.
700 1# - ADDED ENTRY--PERSONAL NAME
Personal name Carr, Robert K.
856 42 - ELECTRONIC LOCATION AND ACCESS
Materials specified Publisher description
Uniform Resource Identifier <a href="http://www.loc.gov/catdir/description/mh021/00038680.html">http://www.loc.gov/catdir/description/mh021/00038680.html</a>
856 41 - ELECTRONIC LOCATION AND ACCESS
Materials specified Table of contents
Uniform Resource Identifier <a href="http://www.loc.gov/catdir/toc/mh021/00038680.html">http://www.loc.gov/catdir/toc/mh021/00038680.html</a>
942 ## - ADDED ENTRY ELEMENTS (KOHA)
Source of classification or shelving scheme Library of Congress Classification
Koha item type Books
Edition 9th ed.
Suppress in OPAC No
999 ## -
-- 2200
-- 2200
Holdings
Withdrawn status Lost status Source of classification or shelving scheme Damaged status Not for loan Collection Home library Current library Shelving location Date acquired Total checkouts Full call number Barcode Date last seen Copy number Price effective from Koha item type
    Library of Congress Classification     Non-fiction Science Library (Miotso) Science Library (Miotso) General stacks 12/14/2024   QL805 .K43 KEN SLM00001368 12/14/2024 1 12/14/2024 Books
    Library of Congress Classification     Non-fiction Science Library (Miotso) Science Library (Miotso) General stacks 12/14/2024   QL805 .K43 KEN SLM00001369 12/14/2024 2 12/14/2024 Books
    Library of Congress Classification     Non-fiction Science Library (Miotso) Science Library (Miotso) General stacks 12/14/2024   QL805 .K43 KEN SLM00001370 12/14/2024 3 12/14/2024 Books
    Library of Congress Classification     Non-fiction Science Library (Miotso) Science Library (Miotso) General stacks 12/14/2024   QL805 .K43 KEN SLM00001371 12/14/2024 4 12/14/2024 Books
    Library of Congress Classification     Non-fiction Science Library (Miotso) Science Library (Miotso) General stacks 12/14/2024   QL805 .K43 KEN SLM00001372 12/14/2024 5 12/14/2024 Books
© 2023-2024 Copyright: Central University Libraries. All Rights Reserved | Created by: Mahone Tech Office